000 00727cam a2200229 4500
001 ABS62913
008 000000n2000 000 0 eng u
035 _a(Sirsi) u108513
100 _aMynors, C.
245 _aNew appeals procedures
260 _c2000
490 _aContext
_v(67) September 2000, 31-33(3)
520 _aReports on the new rules, regulations and government guidance relating to planning appeals, which came into force on 1 August 2000.
590 _aABS
650 _aPLANNING APPEALS
650 _aWRITTEN REPRESENTATIONS
650 _aPPG15
650 _aPLANNING POLICY
650 _aPLANNING INQUIRIES
690 _aENVIRONMENTAL AND LAND CONSULTANCY-PLANNING AND DEVELOPMENT
942 _n0
999 _c64795
_d64795